000 00923nam a2200301 i 4500
003 EG-GICUC
005 20260425110630.0
008 260425s2005 fr ||||fr|||| 000 0 fre d
040 _aEG-GiCUC
_bfre
_cEG-GiCUC
_dEG-GiCUC
_eRda
082 0 4 _221
_a341.511
_bBO . C
092 0 4 _221
099 _aLaw1 11 341.511 BO . C 2005
100 1 _aBoudant, Joël
_eAuteur
245 1 3 _aLa Cour De Justice Des Communautés Européennes /
_b
_cJoël Boudant.
_n
264 1 _aParis :
_bDallaz,
_c2005.
300 _a164page :
_billustration ;
_c 24 cm.
336 _2rda contenu
_a texte
337 _2rda medias
_aOrdinateur
338 _2 transporteur rda
_a Ressource en ligne
504 _a
546 _aTexte en français
650 1 4 _aDroit international public
_2
651 1 _2
700 1 _a
856 4 0 _uhttps://fll.law.cu.edu.eg/fulltext/bks/B11-10037.pdf
905 _a50
942 _2ddc
_cBK
_e21
_n0
999 _c73318
_d73318